000
00345pab a2200145 454500
008
180718b2004 xxu||||| |||| 00| 0 eng d
100
_a
Escobar, Arturo
245
_a
Development, violence and the new imperial order
260
_c
2004
300
_a
p.15-21.
362
_a
Mar
650
_a
Violence
773
_a
Development
909
_a
61899
999
_c
61899
_d
61899